=LDR 00000nam 2200000 4500 =001 INLIS000000000047873 =005 20160226085551.0 =006 =007 =008 =020 ##$$a 3-570-00176-8 =035 ##$$0010-021600000000262 =040 ##$$a NBPDMAT =082 ##$$a 712.5 =090 ##$$a 712.5$bBer g =100 ##$$a Bernatzky, Aloys =245 ##$$a Garten fur unsihre anlage und gestaltung / Aloys Bernatzky =250 ##$$a Cet. 1 =260 ##$$a Berlin $b Bentelsmann Ratgeberverlag $c 1972 =300 ##$$a 280 hlm. : ilus. ; 23 cm =500 ##$$a Indeks hlm : 262 - 280 =650 ##$$a Taman - Arsitektur =850 ##$$a NBPDMAT =990 ##$$a 31500684 =990 ##$$a 31500684/BPAP-NTB/2016